000
002580000a22000970004500
100
1
_a
Porras, Aristómeno
245
1
0
_a
La obra bíblica en Costa Rica
300
_a
Vol. 54, Núm 241 (1999), Páginas 13-16
773
0
_t
La Biblia de las Américas
942
_c
ANA
999
_c
51529
_d
51529